000 004440000a22001810004500
003 MACL
005 20160123142451.0
008 160123b xxu||||| |||| 00| 0 eng d
040 _aMACL
_cMACL
041 _aEnglish
082 _a539.7/AGR
100 _aAgrawal,B S
_934305
245 _aOptical & Atomic Physics
260 _bKedar Nath Ram Nath
_c1997
_aNew Delhi
350 _a130
650 _aPhysics
_934306
942 _cBK
_k539/Aga
_2ddc
999 _c32759
_d32759